00678nam a22001817a 450000500170000001000150001702000260003203500130005803700130007108200150008424502150009926000360031427000500035030000200040050000400042070000200046070000160048020130514120354.0 aENG-107098 a9789350700204c500.00 aEN-90631 bDBAD/PUB a337.09172410aTrade and environment policies and perspectives for less developed countries :cedited by Sarita Agrawal [and] Sarah Ahmedbpapers presented at the UGC sponsored national seminar held during March 16-17, 2001 / aHaryanabShanti Prakashanc2012 a1780, Sector-1, Delhi By-passbRohtake124001 a206p.c22cm(Hb) aIncludes bibliographical references aAgrawal, Sarita aSarah Ahmed